Statistics for Gradovi Hrvatske

Click here to take the quiz!

General Stats

  • This quiz has been taken 824 times
  • The average score is 80 of 128

Answers on the Map

Answers color-coded by a green-red scale on the quiz's map according to % correct below.
 

Answer Stats

Grad% Correct
Zagreb
98%
Split
96%
Dubrovnik
95%
Pula
95%
Vukovar
95%
Zadar
94%
Šibenik
93%
Osijek
92%
Rijeka
92%
Slavonski Brod
92%
Karlovac
89%
Varaždin
87%
Gospić
86%
Sisak
85%
Krk
84%
Nin
84%
Hvar
83%
Makarska
83%
Knin
81%
Čakovec
80%
Vinkovci
80%
Rovinj
78%
Trogir
78%
Cres
77%
Đakovo
77%
Požega
77%
Umag
77%
Ilok
76%
Opatija
76%
Poreč
76%
Sinj
76%
Senj
75%
Pag
74%
Pazin
74%
Bjelovar
73%
Petrinja
73%
Velika Gorica
73%
Virovitica
72%
Županja
72%
Koprivnica
71%
Korčula
71%
Krapina
70%
Imotski
69%
Ogulin
69%
Omiš
69%
Samobor
69%
Crikvenica
68%
Mali Lošinj
68%
Rab
68%
Vis
68%
Daruvar
67%
Metković
67%
Kutina
66%
Delnice
65%
Beli Manastir
64%
Biograd na Moru
64%
Ploče
64%
Zaprešić
64%
Našice
63%
Vodice
63%
Labin
62%
Benkovac
60%
Solin
60%
Glina
59%
Ivanić-Grad
59%
Jastrebarsko
59%
Novalja
59%
Novi Vinodolski
59%
Đurđevac
58%
Križevci
58%
Novigrad
58%
Buzet
57%
Zabok
57%
Dugo Selo
56%
Nova Gradiška
56%
Otok
56%
Valpovo
56%
Drniš
55%
Novska
55%
Otočac
55%
Supetar
55%
Bakar
54%
Kaštela
54%
Slunj
54%
Stari Grad
54%
Buje
53%
Čazma
52%
Komiža
52%
Lipik
52%
Opuzen
52%
Pakrac
52%
Hrvatska Kostajnica
51%
Belišće
50%
Donji Miholjac
50%
Obrovac
50%
Vodnjan
50%
Kutjevo
49%
Trilj
49%
Duga Resa
48%
Ozalj
48%
Slatina
48%
Vrbovec
48%
Vrgorac
48%
Čabar
47%
Ludbreg
47%
Sveta Nedelja
47%
Varaždinske Toplice
47%
Ivanec
46%
Sveti Ivan Zelina
46%
Popovača
45%
Vrlika
45%
Garešnica
44%
Novi Marof
44%
Donja Stubica
43%
Kraljevica
43%
Lepoglava
43%
Zlatar
43%
Kastav
42%
Mursko Središće
42%
Vrbovsko
42%
Orahovica
41%
Skradin
41%
Oroslavje
40%
Pleternica
40%
Prelog
40%
Grubišno Polje
38%
Klanjec
38%
Pregrada
35%

Score Distribution

Percentile by Number Answered

Percent of People with Each Score

Your Score History

You have not taken this quiz